000 00611nam a2200241 i 4500
001 C2-0247175
003 PPAK
005 20180727211807.0
008 030326s1993 enk |||| ||||| | eng d
020 _a000616823X
040 _aPPAK
_beng
_cPPAK
_erda
082 0 4 _a823
_223
090 0 0 _a823
_bCHR
_dG
100 1 _aChristie, Agatha,
_eauthor
245 1 0 _aEndless night
264 1 _aLondon :
_bHarperCollins ,
_c1993
300 _a215 pages ;
_c18 cm
336 _2rdacontent
_atext
337 _2rdamedia
_aunmediated
338 _2rdacarrier
_avolume
650 1 0 _aEnglish fiction
942 _ddc
_cB
999 _c61057
_d61057